000 00377nam a2200145Ia 4500
005 20251222151311.0
008 251222s9999||||xx |||||||||||||| ||spa||
020 _a9972510247
082 _a338.985/G67
100 _aGonzales de Olrte, EfraĆ­n
245 0 _aEl Neoliberalismo a la Peruana
250 _a1ra.ed.
264 _bIEP Instituto de Estudios peruanos
942 _cLIB
999 _c23376
_d23376